| 000 | 00747nam a22001575i 4500 | ||
|---|---|---|---|
| 001 | 170989 | ||
| 003 | ES-MaACL | ||
| 005 | 20230906214519.0 | ||
| 008 | 090421s1878 sp |||| | spa d | ||
| 100 | 1 |
_aEscamilla, Pedro. _9139872 |
|
| 245 | 1 | 3 |
_aLa muñeca _b: juguete cómico hasta cierto punto original, en un acto y en prosa / _cde Pedro Escamilla. |
| 260 |
_aMadrid : _b[s.n.], _c1878 ( _fImp. de José Rodríguez) |
||
| 300 |
_a54 p. ; _c18 cm. |
||
| 500 | _aEn port.: Estrenado con extraordinario éxito en el teatro Eslava la noche del 24 de octubre de 1878. | ||
| 852 |
_aES-MaACL _jF-8576(5) _z.- Enc. pasta española _q.- Falto de la cub. original _z.- Enc. en un vol. facticio formando parta de la Col. "Teatro español moderno" vol. 29 |
||
| 999 |
_c170989 _d170989 |
||